Annual Report 2001
Salvato in:
| Altri autori: | |
|---|---|
| Natura: | Libro |
| Lingua: | inglese |
| Pubblicazione: |
Bratislava :
STU v Bratislave,
2002
|
| Soggetti: | |
| Tags: |
Nessun Tag, puoi essere il primo ad aggiungerne!!
|
MARC
| LEADER | 00000nam a22000003a 4500 | ||
|---|---|---|---|
| 001 | stu75409 | ||
| 005 | 20150617225644.5 | ||
| 008 | 020412s2002----xo------------------eng-d | ||
| 040 | |a STU |b slo | ||
| 041 | 0 | |a eng | |
| 044 | |a xo | ||
| 080 | |a 378.622(437.6-25) | ||
| 080 | |a 011(066) | ||
| 100 | 1 | |a Milovská, Soňa, |d 1948- |4 com |u E140 |U FEI Fakulta elektrotechniky a informatiky |T FEI Katedra elektrotechnológie |X 3443 |U E140 |Y 61 |7 A000003443 | |
| 245 | 1 | |a Annual Report 2001 | |
| 260 | |a Bratislava : |b STU v Bratislave, |c 2002 | ||
| 300 | |a 204 s | ||
| 650 | 7 | |a ročenky |2 stusub | |
| 996 | |b 284EK84417 |c E*84417 |l EE0102 |s P |a 0 |w stu75409_0001 | ||